000 00908cab a2200265 4500
001 WB3008-53
008 090401t1994 xxu||||| |||| 00| 0 eng d
035 _a(Sirsi) u76309
041 _aeng
245 _aCanary Wharf television interference scheme
260 _c1994
350 _a0
490 _aLord Chancellor`s Department Press Release
_v(648) 18 February 1994 (1)
520 _aA group action is being brought against Canary Wharf Ltd for television interference allegedly due to the Canary Wharf Tower. Persons wishing to apply to join the plaintiffs must do so before 1 June 1994.
650 _aCANARY WHARF TOWER
650 _aCANARY WHARF
650 _aLEIGH DAY & CO
650 _aOFFICIAL REFEREES COURT
650 _aPLAINTIFFS
650 _aTELEVISION INTERFERENCE
690 _aHIGHWAYS RIGHTS OF WAY AND EASEMENTS
690 _aLAW
942 _n0
948 _c04/03/1997
999 _c48014
_d48014